Environmental Science (Record no. 8742)

MARC details
000 -LEADER
fixed length control field 00399nam a22001697a 4500
003 - CONTROL NUMBER IDENTIFIER
control field OSt
008 - FIXED-LENGTH DATA ELEMENTS--GENERAL INFORMATION
fixed length control field 200709b ||||| |||| 00| 0 eng d
020 ## - INTERNATIONAL STANDARD BOOK NUMBER
International Standard Book Number 9789351643425
082 ## - DEWEY DECIMAL CLASSIFICATION NUMBER
Classification number 628 PAE
100 ## - MAIN ENTRY--PERSONAL NAME
Personal name Pawar, kishore R
245 ## - TITLE STATEMENT
Title Environmental Science
250 ## - EDITION STATEMENT
Edition statement 2nd ,2019
260 ## - PUBLICATION, DISTRIBUTION, ETC. (IMPRINT)
Place of publication, distribution, etc New Delhi
Name of publisher, distributor, etc  Nirali Prakashan
300 ## - PHYSICAL DESCRIPTION
Extent 3.86
650 ## - SUBJECT ADDED ENTRY--TOPICAL TERM
Topical term or geographic name as entry element Biology and EVS
942 ## - ADDED ENTRY ELEMENTS (KOHA)
Source of classification or shelving scheme Dewey Decimal Classification
Koha item type Text Books
942 ## - ADDED ENTRY ELEMENTS (KOHA)
-- 5
Holdings
Withdrawn status Lost status Source of classification or shelving scheme Damaged status Not for loan Collection code Home library Current library Date acquired Source of acquisition Currency Cost, normal purchase price Bill Number Total Checkouts Full call number Acc. no. / Barcode Date last seen Date last borrowed Actual Cost, discounted price Bill Date Koha item type
    Dewey Decimal Classification     B.Pharma PIET C-LIBRARY PIET C-LIBRARY 01/02/2020 KIRTI PUBLICATION Indian Rup 135.00 IN6233 9 628 PAE BP1011 10/09/2025 03/09/2025 99.90 01/02/2020 Text Books
    Dewey Decimal Classification     B.Pharma PIET C-LIBRARY PIET C-LIBRARY 01/02/2020 KIRTI PUBLICATION Indian Rup 135.00 IN6233 1 628 PAE BP1012 30/10/2021 20/10/2021 99.90 01/02/2020 Reference Books
    Dewey Decimal Classification     B.Pharma PIET C-LIBRARY PIET C-LIBRARY 01/02/2020 KIRTI PUBLICATION Indian Rup 135.00 IN6233 14 628 PAE BP1013 16/09/2025 09/09/2025 99.90 01/02/2020 Text Books

Design & Developed by: PIET Central Library
R70 Miles Stone Pattikalyana Samalkha Panipat 132102
mail ID :- [email protected], Phone No:- 0180-2569700 Ex.216